[Event "Anapa Sea Harbor Cup"]
[Site "Anapa"]
[Date "2022.06.05"]
[Round "4"]
[White "Rozum, Ivan"]
[Black "Den, Dmitrij"]
[Result "1-0"]
[WhiteElo "2530"]
[BlackElo "2166"]
[PlyCount "41"]
[EventDate "2022.06.02"]
[EventType "swiss"]
[EventRounds "9"]
[EventCountry "RUS"]
[SourceTitle "CBM 208 Extra"]
[Source "ChessBase"]
[SourceDate "2022.07.31"]
[SourceVersion "1"]
[SourceVersionDate "2022.07.31"]
[SourceQuality "1"]

1. d4 d5 2. c4 c6 3. Nf3 Nf6 4. e3 Bf5 5. Nc3 e6 6. Nh4 Be4 7. f3 Bg6 8. Qb3 Qc7 9. Bd2 Be7 10. cxd5 cxd5 11. Nxg6 hxg6 12. 0-0-0 Nc6 13. Kb1 0-0-0 14. Rc1 Kb8 15. Bb5 Na5 16. Qa4 Nc4 17. Be1 Rxh2 18. Bxc4 Rxh1 19. Nb5 Qxc4 20. Bg3+ Bd6 21. Bxd6+ 1-0